00273nam a2200121Ia 4500008004100000082001500041100001800056245002200074250000800096260002300104300000800127650001600135191201s2005 xx 000 0 und d a006.6bHEC aHEARN, Donald 0aComputer Graphics a2nd aN.DelhibPHIc2005 a650 aB.Tech(CSE)